Abschied von Sophienthal
| Titel: | Abschied von Sophienthal : eine schlesische Reise / Ulrich Völklein |
|---|---|
| Verfasser: | |
| Veröffentlicht: | München : Droemer, 2006 |
| Umfang: | 270 Seiten : Illustrationen, Karten ; 22 cm |
| Format: | Buch |
| Sprache: | Deutsch |
| ISBN: | 9783426273722 ; 3426273721 |
| Hinweise zum Inhalt: |
Inhaltsverzeichnis
|
alg: 17768156 001A $06000:27-04-06 001B $01999:15-01-25 $t08:10:55.000 001D $03004:03-03-10 001U $0utf8 001X $00 002@ $0Aau 002C $aText $btxt $2rdacontent 002D $aohne Hilfsmittel zu benutzen $bn $2rdamedia 002E $aBand $bnc $2rdacarrier 003@ $017768156X 003O $069983087 $aOCoLC 004A $A978-3-426-27372-2 $fPp. : EUR 19.90 004A $03-426-27372-1 $fPp. : EUR 19.90 004K $09783426273722 006G $0977147215 006T $005,N50,2090 006U $006,A19,2495 $f20051121 007A $0977147215 $aDNB 007G $0DE02097AEEDA204EE4F11C1257893002C5C3B 007T $0Herdc0015408m 009P $qapplication/pdf $A2 $3Inhaltsverzeichnis $uhttp://scans.hebis.de/HEBCGI/show.pl?17768156_toc.pdf $mV:DE-603;B:DE-Mb50 010@ $ager 011@ $a2006 $n2006 013D $RAutobiografische Literatur $RBiografie $RErlebnisbericht $RQuelle $RTagebuch $#Autobiography $#Autobiographie $#Autobiographies $#Autobiographies $#Autobiographie $#Autobiographisches Erzählen $#Autobiografisches Erzählen $#Erinnerungen Formschlagwort $#Lebenserinnerungen $#Memoiren $#Selbstbiographie $#Selbstbiografie $#Autobiographik $#Autobiografik $74003939-0 $8Autobiografie [Ts1] $9085002275 017A $asf 021A $aAbschied von Sophienthal $deine schlesische Reise $hUlrich Völklein 028A $BVerfasser $#Fëlʹkljajn, Ulʹrich $4aut $7115886087 $8Völklein, Ulrich$Z1949- [Tp1] $9150020317 033A $pMünchen $nDroemer 034D $a270 Seiten 034I $a22 cm 034M $aIllustrationen, Karten 039U $aRezensiert in $8--Aox--Castner, Thilo. Völklein, Ulrich, 1949-. Abschied von Sophienthal. - München : Droemer. - 2006 [Rezension], 2006 $939477678X 044K $qDNB $#Fëlʹkljajn, Ulʹrich $7115886087 $8Völklein, Ulrich$Z1949- [Tp1] $9150020317 045E $c943 045F $a910.94385 $eDDC23BSB 045F/01 $a910 045F/03 $g4385 045G $a900.943850904 $eDDC23BSB 045G/01 $a900 045G/03 $f0904 045G/03 $g4385 045G/03 $g438 lok: 17768156 24 101B $003-03-10 $t09:09:15.000 101C $003-03-10 101U $0utf8 145Z/01 $a14 8 L 41 145Z/02 $a14 2 M 145Z/03 $a14 5 Fa exp: 17768156 24 1 #EPN 201B/01 $003-03-10 $t09:09:15.000 201C/01 $027-08-07 201U/01 $0utf8 203@/01 $0507949846 208@/01 $a02-03-10 $bz 209A/01 $a10.0815 $du $f050 $h10 0815 $x00 209C/01 $a10.0815 G $h10 0815 G 209G/01 $a72074254 $x00 220C/01 $agro/jwa 247C/01 $8358050-7Marburg, Bibliothek des Herder-Instituts Marburg $9102600961 lok: 17768156 78 exp: 17768156 78 1 #EPN 201B/01 $024-10-19 $t22:53:34.000 201U/01 $0utf8 203@/01 $0791855791 208@/01 $a12-11-16 $be 209A/01 $a/ $f000 $x00 220C/01 $aTitelaufnehmer: wr 237A/01 $aBetr. u.a. das Gut Sophienthal in Liegnitz. - Dot. m.in. majątku Sophienthal w Legnicy . - weiterführende Signatur(en): Herder-Institut: 10.0815 244Z/01 $2Trx $#Silesia $#Śląsk $#Sliezsko $#Slezsko $8--Trx--Schlesien $x01 $9391173987 244Z/01 $2Trx $#Poola $#Lenkija $#Polija $#Polen Land $#Poland $#Lengyelország $#Poľsko $#Polsko $8--Trx--Polska$gkraj $x02 $9391345966 244Z/01 $#Lehnice $#Liegnitz $71050857-0 $8--Tg1--Legnica $x03 $904218052X 244Z/01 $#Hirschberg im Riesengebirge $#Hirschberg $#Hirschberg in Schlesien $#Jelení Hora $#Hiršberk $#Hornšperk $#Herschbrig $#Herschbrich $715523-8 $8--Tg1--Jelenia Góra $x04 $9040264858 244Z/01 $#Jauer $74242375-2 $8--Tg1--Jawor $x05 $9086273930 244Z/01 $aGeschichte 1930-2005 $x06 244Z/01 $2Trx $#mälestused $#atsiminimai $#Memoirs $#emlékezések $#wspomnienia $#spomienky $#vzpomínky $#memuaarid $#Memoiren $#pamiętniki $#pamäti $#paměti $8--Trx--Erinnerungen $x07 $9391357727 244Z/01 $2Trx $#perekonnad ja sugupõlved $#giminės ir šeimos $#Families and Noble Houses $#családok és nemek $#rody i rodziny $#rodiny a rody $#rodiny a rody $#Geschlechter $#Noble Houses $#rody $#rody $#rody $8--Trx--Familien und Geschlechter $x08 $9391371916 244Z/01 $2Trx $#reisikirjeldused $#kelionių aprašymai $#travel descriptions $#útleírások $#opisy podróży $#cestopisy $#cestopisy $8--Trx--Reisebeschreibungen $x09 $939138290X 244Z/01 $2Trx $8--Trx--Monographie $x10 $9391384546 245Z/01 $a13.03 $x01 245Z/01 $a06.04.01 $x02 245Z/01 $a11.01 $x03 247C/01 $82080>Marburg/Lahn, Herder-Institut, Forschungsbibliothek, Bibliographieportal $9336309341
| LEADER | 00000cam a2200000 c 4500 | ||
|---|---|---|---|
| 001 | 17768156X | ||
| 003 | DE-603 | ||
| 005 | 20250115081055.0 | ||
| 007 | tu | ||
| 008 | 060427s2006 xx |||| | u00||u|ger | ||
| 015 | |a 06,A19,2495 |z 05,N50,2090 |2 dnb | ||
| 016 | 7 | |2 DE-101 |a 977147215 | |
| 020 | |a 9783426273722 |c Pp. : EUR 19.90 | ||
| 020 | |a 3426273721 |c Pp. : EUR 19.90 | ||
| 024 | 3 | |a 9783426273722 | |
| 035 | |a (DE-599)DNB977147215 | ||
| 035 | |a (OCoLC)69983087 | ||
| 040 | |a DE-603 |b ger |c DE-603 |d DE-603 | ||
| 041 | |a ger | ||
| 082 | 0 | 4 | |8 1\u |a 910.94385 |q DE-101 |2 23/BSB |
| 083 | 0 | |8 2\u |a 900.943850904 |q DE-101 |2 23/BSB | |
| 084 | |a 943 |q DE-101 |2 sdnb | ||
| 085 | |8 1\u |b 910 | ||
| 085 | |8 1\u |z 2 |s 4385 | ||
| 085 | |8 2\u |b 900 | ||
| 085 | |8 2\u |z 1 |s 0904 | ||
| 085 | |8 2\u |z 2 |s 4385 | ||
| 085 | |8 2\u |z 2 |s 438 | ||
| 090 | |a b | ||
| 100 | 1 | |a Völklein, Ulrich |d 1949- |e Verfasser |4 aut |0 (DE-603)150020317 |0 (DE-588)115886087 |2 gnd | |
| 245 | 0 | 0 | |a Abschied von Sophienthal |b eine schlesische Reise |c Ulrich Völklein |
| 264 | 1 | |a München |b Droemer |c 2006 | |
| 300 | |a 270 Seiten |b Illustrationen, Karten |c 22 cm | ||
| 336 | |a Text |b txt |2 rdacontent | ||
| 337 | |a ohne Hilfsmittel zu benutzen |b n |2 rdamedia | ||
| 338 | |a Band |b nc |2 rdacarrier | ||
| 600 | 1 | 7 | |a Völklein, Ulrich |d 1949- |0 (DE-588)115886087 |0 (DE-603)150020317 |2 gnd |
| 655 | 7 | |a Autobiografie |2 gnd-content |0 (DE-588)4003939-0 |0 (DE-603)085002275 | |
| 787 | 0 | 8 | |i Rezensiert in |a Castner, Thilo |t Völklein, Ulrich, 1949-. Abschied von Sophienthal. - München : Droemer. - 2006 [Rezension] |w (DE-603)39477678X |
| 856 | 4 | 2 | |m V:DE-603;B:DE-Mb50 |q application/pdf |u http://scans.hebis.de/HEBCGI/show.pl?17768156_toc.pdf |3 Inhaltsverzeichnis |
| 924 | 0 | |9 Mb 50 |a (DE-603)507949846 |b DE-Mb50 |c HES |d c |g 10.0815 | |
| 924 | 0 | |9 2080 |a (DE-603)791855791 |b DE-2080 |c HES |d d |g / | |


